Movies Quiz

Random Movies or Oscar Quiz

Five(+) Word Oscar Best Pictures Quiz Stats

 Plays Quiz Updated Oct 2, 2017

Score 0/15 Timer 06:00
1 Play Today
% Correct
The Silence of the Lambs
94.3%
One Flew Over the Cuckoo's Nest
93.3%
No Country for Old Men
89.1%
Around the World in Eighty Days
85.3%
Birdman or (The Unexpected Virtue of Ignorance)
74.2%
The Lord of the Rings: The Return of the King
72.9%
The Bridge on the River Kwai
72%
In the Heat of the Night
59.2%
% Correct
All Quiet on the Western Front
51.8%
A Man for All Seasons
30.5%
The Greatest Show on Earth
27.7%
How Green Was My Valley
25.5%
The Best Years of Our Lives
19.5%
You Can't Take It with You
14.8%
The Life of Emile Zola
14.5%

You're not logged in!

Compare scores with friends on all Sporcle quizzes.
OR
Log In

You Might Also Like...

Show Comments

Extras

Top Quizzes Today


Score Distribution

Your Account Isn't Verified!

In order to create a playlist on Sporcle, you need to verify the email address you used during registration. Go to your Sporcle Settings to finish the process.

Report this User

Report this user for behavior that violates our Community Guidelines.

Details: